Culture générale #8 - Statistiques

Statistiques générales
  • Ce quiz a été pris 676 fois
  • Le résultat moyen est 4 sur 15
Statistiques - réponses
Hint Réponse % Correct
Combien de pays de l'hémisphère nord ont remporté la coupe du monde de rugby? 1
77%
Dans quelle ville John Fitzgerald Kennedy a t'il été assassiné? Dallas
73%
Sur quel continent vivent les Capybaras? Amérique du sud
57%
La Veyron est une voiture de quelle marque? Bugatti
44%
Qui était surnommé "le Renard du désert"? Rommel
31%
Dans la mythologie nordique, comment s'appelle le loup géant, fils de Loki? Fenrir
21%
Comment s'appelle l'herbicide que les américains ont déversé sur le Vietnam durant la guerre? agent orange
19%
Quelle liqueur verte a donné son nom à une couleur? Chartreuse
13%
Sur quelle île se trouve le "Lion de Roccapina"? Corse
12%
Quel acteur américain était surnommé "The Duke"? John Wayne
9%
Quel est le plus haut somment d'Europe? Mont Elbrouz
9%
Comment s'appelle le troll ami de Lanfeust? Hébus
8%
Dans quel album d'Astérix apparaît Idéfix? le tour de gaule d'astérix
7%
Qui a dit: " Dieu a fait des hommes grands et d'autres petits, je les ai rendus égaux."? Colt
5%
Comment s'appelle l'auteur du manga "City Hunter"? Tsukasa Hojo
1%
Aucun quiz correspondant
Distribution des résultats
% des personnes avec chaque résultat
Percentile par nombre de réponses
Votre historique - résultats
Vous n’avez pas pris ce quiz